Arctic Circle Countries in Order of Size - Statistics

General Stats
  • This quiz has been taken 17 times
  • The average score is 3 of 8
Answer Stats
Country % Correct
1 Russia
100%
2 Canada
92%
3 Denmark
31%
4 United States
31%
8 Iceland
23%
5 Norway
23%
7 Finland
15%
6 Sweden
8%
No matching quizzes found
Score Distribution
Percent of People with Each Score
Percentile by Number Answered
Your Score History
You have not taken this quiz